Statistics for 15 Notable US Governors

Click here to take the quiz!

General Stats

  • This quiz has been taken 12 times
  • The average score is 8 of 15

Answer Stats

GovernorStateTerm(s)Hint% Correct
Mitt RomneyMassachusetts2003-2007CEO of Bain Capital and failed 2012 presidential candidate
90%
Thomas DeweyNew York1943-1954"_____ Defeats Truman"
90%
Sam HoustonTexas1859-1861Texas's largest city is named after him
80%
George WallaceAlabama1963-1967,1971-1979,1983-1987He wanted segregation now, tomorrow, and forever
70%
Adlai Stevenson IIIllinois1949-1953After losing two presidential races, he became ambassador to the United Nations
60%
Huey LongLouisiana1928-1932Nicknamed "the Kingfish", he was assassinated in 1935
60%
Patrick HenryVirginia1776-1779, 1784-1786Quoted as saying "Give me liberty or give me death!"
60%
Robert La FolletteWisconsin1901-1906"Fighting Bob" who founded the Progressive Party of 1924
50%
Joshua ChamberlainMaine1867-1871He lead the charge of the 20th Maine at Gettysburg
40%
Leland StanfordCalifornia1862-1863Eponym of a university who drove the Golden Spike at Promontory Point
40%
Jonathan TrumbullConnecticut1769-1784Only colonial governor to side with the Patriots
30%
Salmon ChaseOhio1849-1855Presided over Andrew Johnson's impeachment as Chief Justice
30%
Gifford PinchotPennsylvania1923-1927,1931-1935Conservationist and first head of the US Forest Service
20%
Terry BranstadIowa1983-1999,
2011-2017
Ambassador to China and longest serving governor ever
20%
Nellie Tayloe RossWyoming1925-1927First woman to serve as governor of a US state
10%

Score Distribution

Percentile by Number Answered

Percent of People with Each Score

Your Score History

You have not taken this quiz